Rozsypanka literowa - sieci sklepów spożywczych w Polsce - Statystyki

Ogólne statystyki
  • Ten quiz został rozwiązany 51 razy
  • Średni wynik to 12 z 20
Statystyki odpowiedzi
Sieć spożywcza % Poprawnych
Abc
91%
Lidl
91%
Aldi
89%
Dino
89%
Żabka
89%
Odido
80%
Biedronka
77%
Kaufland
75%
Auchan
70%
Netto
70%
Carrefour
68%
Stokrotka
61%
E.Leclerc
59%
Lewiatan
57%
Spar
50%
Groszek
45%
Topaz
36%
POLOmarket
27%
Chorten
14%
Arhelan
5%
Nie znaleziono quizów pasujących do podanych kryteriów
Rozkład punktacji
Procent ludzi z każdym wynikiem
Percentyl według liczby udzielonych odpowiedzi
Twoja historia wyników
Nie rozwiązałeś tego quizu